00831cam a22002657a 4500003000500000005001700005008004100022010001000063011001000073020001500083035001000098040000900108082002000117110000800137245010300145260002400248300001100272490007900283650002800362650002700390650002700417700002200444700002000466830007900486CHAP20220817043543.0990615d1998 it rn 00110 eng d a78283 a79255 a9251041830 a89425 cCHAP04a338.9bF44 v.422 aFAO10aAgro-industrial policy reviews :bmethodological guidelinesc/by Keith Marsden and Maurizio Garzia aRome :bFAO,c1998. a229 p. 0aFAO. Materiales de capacitación para la planificación agrícolav; 4214aIndustrias agrícolas.14aPolítica agrícola.14aPolítica industrial.0 aGarzia, Maurizio.0 aMarsden, Keith. 0aFAO. Materiales de capacitación para la planificación agrícolav; 42